000 00325nam a22001337a 4500
020 _a9780730335924
082 _a346.066
_bWON
100 _aWong, Alex
245 _aCompany Law /
_c Alex Wong and et all
260 _aAustralia:
_bJohn Wiley & Sons,
_c2017.
300 _a354 p.
563 _aPB.
942 _2ddc
_cBK
999 _c614116
_d614116